ბათუმის შოთა რუსთაველის სახელმწიფო უნივერსიტეტის ბიბლიოთეკა

მონანიება (ბიბ.ჩანაწერი № 60070)

000 -ლიდერი
ფიქსირებული სიგრძის საკონტროლო ველი 00968nam a22002177a 4500
003 - საკონტროლო ნომრის იდენტიფიკატორი
საკონტროლო ველი Ge_BSU
005 - ბოლო ოპერაციის თარიღი და დრო
საკონტროლო ველი 20230605101025.0
008 - ფიქსირებული სიგრძის მონაცემთა ელემენტები - ზოგადი ინფორმაცია
ფიქსირებული სიგრძის საკონტროლო ველი 230605s2018ge xxu||||| |||| 00| 0 geo d
022 ## - საერთაშორისო სტანდარტული სერიული ნომერი
Source 9788378932116
041 ## - ენის კოდი
Language code of text/sound track or separate title geo
080 ## - უნივერსალური ათობითი კლასიფიკაციის ინდექსი
Universal Decimal Classification number 791(479.22) ხ-93
100 ## - მთავარი ჩანაწერი - პიროვნების სახელი
Personal name ხუნდაძე, ხათუნა
9 (RLIN) 18439
245 ## - ცნობა სათაურის შესახებ
Title მონანიება
Remainder of title [ქართული კინო:] /
Statement of responsibility, etc შემდ: ხათუნა ხუნდაძე, რედ. მზია ქურცაძე, თ. აბულაძე რეჟისორი.
264 ## - წარმოების, გამოცემის, დისტრიბუციის და სხვა ცნობები
გამოცემის, წარმოების, დისტრიბუციის... ადგილი თბილისი :
გამოცემის, წარმოების, დისტრიბუციის... სახელწოდება Wojnowice,
გამოცემის, წარმოების, დისტრიბუციის... თარიღი 2018.
300 ## - ფიზიკური აღწერა
Extent 48 გვ.:
Other physical details ილ;
Dimensions 23სმ.
653 ## - INDEX TERM--UNCONTROLLED
Uncontrolled term მონანიება
700 ## - ADDED ENTRY--PERSONAL NAME
Personal name ქურცაძე, მზია
Relator term რედაქტორი
9 (RLIN) 18456
700 ## - ADDED ENTRY--PERSONAL NAME
Personal name აბულაძე, თენგიზ
Relator term რეჟისორი
9 (RLIN) 18451
710 ## - ADDED ENTRY--CORPORATE NAME
Corporate name or jurisdiction name as entry element ქართული ფილმი
9 (RLIN) 18452
942 ## - ADDED ENTRY ELEMENTS (KOHA)
Source of classification or shelving scheme
Koha item type წიგნი
ეგზემპლარები
ჩამოწერის სტატუსი დაკარგული ეგზემპლარის სტატუსი კლასიფიკაციის წყარო ან თაროზე გაწყობის სქემა დაზიანების სტატუსი არ გაიცემა მუდმივი მდებარეობა (დაცვის ადგილი) ამჟამინდელი ადგილსამყოფელი თაროზე განთავსების ადგილი შეძენის თარიღი ღირებულება, შესყიდვის ნორმალური ფასი სრული შენახვის შიფრი შტრიხკოდი ბოლო ოპერაციის თარიღი ეგზემპლარის მიმდევრობითი ნომერი (კეტერი?) ფასის ძალაში შესვლის თარიღი ეგზემპლარის სახეობა საჯარო შენიშვნა
          ბათუმის შოთა რუსთაველის სახელმწიფო უნივერსიტეტის მთავარი ბიბლიოთეკა ბათუმის შოთა რუსთაველის სახელმწიფო უნივერსიტეტის მთავარი ბიბლიოთეკა წიგნსაცავი 2023-06-05 19.00 791(479.22) ხ-93 29545 2023-06-05 29545 2023-06-05 წიგნი 19ლ.88თ.
          ბათუმის შოთა რუსთაველის სახელმწიფო უნივერსიტეტის მთავარი ბიბლიოთეკა ბათუმის შოთა რუსთაველის სახელმწიფო უნივერსიტეტის მთავარი ბიბლიოთეკა წიგნსაცავი 2023-06-05 19.00 791(479.22) ხ-93 29546 2023-06-05 29546 2023-06-05 წიგნი 19ლ.88თ.